Datum a čas kvízu
10.5
Celkem bodů
Celkový počet nahraných bodů na tomto kvízu bez doplňovacích otázek.
6.
Pořadí na kvízu
Konečné umístění týmu na tomto kvízu.
Zaznamenané odpovědi
| # | Otázka | Odpověď | Body | Výsledky |
|---|---|---|---|---|
| 1. | Že vánoční punk není mrtvý, má... | Bruntál | 0 | |
| 2. | Jeden ze členů britské královs... | princ Andrew | 1 | |
| 3. | Festival Anifilm se po 18 lete... | Liberec | 0 | |
| 4. | V Brně otevřel hned dvě provoz... | Domino's (Pizza) | 0 | |
| 5. | Jak se jmenuje vítěz letošního... | Stefanos Tsitsipas | 0 | |
| 6. | Toto téma minulý týden zvítězi... | Vídeň, 2005 | 0 | |
| 7. | Nespočet hlášek má na svém kon... | vycházky | 0 | |
| 8. | Televize Nova a sportovní přen... | Václav Tittelbach, Pavel Poulíček | 0 | |
| 9. | Autorem mnoha legendárních hlá... | Nemecký/Německý | 0 | |
| 10. | Jak se nazývá švédské lyžařské... | Åre | 0 |